000
00262nam a22001217a 4500
082
_a
425
_b
GRA/G
100
_a
GRAND,JOHN D
245
_a
A GREAT BOOK OF IDIOMS
260
_a
DELHI
_b
ROHAN BOOK COMPNY
300
_a
160
650
_a
IDIOMS & PHRASES
942
_c
BK
999
_c
3785
_d
3785